000
00310nam a22001457a 4500
008
210312b ||||| |||| 00| 0 eng d
020
_a
9780390669209
041
_a
eng
080
_a
338
082
_a
338
100
_a
53
101
_a
MEN
245
_a
Organizational Strategy
_c
Hill, M
942
_2
udc
_c
BK
999
_c
56575
_d
56575